000 00256nam a2200097Ia 4500
001 1073298
005 20250827002158.0
008 250824s9999 xx 000 0 und d
245 0 _aGÜLÜN BABASI KİM
_cHALİDE NUSRET ZORLUTUNA
260 _bPANAMA YAYINLARI
999 _c1073298
_d1073298